Načítá se...
Novel biopesticides
| Hlavní autor: | |
|---|---|
| Médium: | Printed Book |
| Jazyk: | Undetermined |
| Vydáno: |
New Delhi
CSIR
1998
|
| Témata: |
| LEADER | 00496nam a2200157Ia 4500 | ||
|---|---|---|---|
| 008 | 140316s9999 xx 000 0 und d | ||
| 020 | |a 8172361866 | ||
| 082 | |a 632.96 |b DES/NO | ||
| 100 | |a Deshpande,M V | ||
| 245 | |a Novel biopesticides | ||
| 260 | |a New Delhi |b CSIR |c 1998 | ||
| 300 | |a 80 | ||
| 650 | |a Disease control | ||
| 942 | |2 ddc |c BK | ||
| 999 | |c 5452 |d 5452 | ||
| 952 | |0 0 |1 0 |2 ddc |4 0 |6 632_960000000000000_DESNO |7 0 |9 6471 |a KAUCLV |b KAUCLV |c GENERAL |d 2014-03-18 |o 632.96 DES/NO |p 212400 |r 2014-03-18 |w 2014-03-18 |y BK | ||